Advances in management accounting /
Advances in Management Accounting(AIMA) is a publication of quality applied research in management accounting. The journal's purpose is to publish thought-provoking articles that advance knowledge in the management accounting discipline and are of interest to both academics and practitioners.
| Cote: | Libro Electrónico |
|---|---|
| Autres auteurs: | |
| Format: | Électronique eBook |
| Langue: | Inglés |
| Publié: |
Bingley, United Kingdom :
Emerald Publishing,
2020.
|
| Édition: | First edition. |
| Collection: | Advances in Management Accounting Ser.
|
| Sujets: | |
| Accès en ligne: | Texto completo Texto completo |
MARC
| LEADER | 00000cam a22000001i 4500 | ||
|---|---|---|---|
| 001 | EBOOKCENTRAL_on1202988677 | ||
| 003 | OCoLC | ||
| 005 | 20240329122006.0 | ||
| 006 | m d | ||
| 007 | cr ||||||||||| | ||
| 008 | 200807t20202020enk o 000 0 eng d | ||
| 040 | |a UKMGB |b eng |e rda |e pn |c UKMGB |d OCLCO |d UKAHL |d YDX |d GRU |d OCLCF |d YDXIT |d EBLCP |d N$T |d OCLCO |d OCLCQ |d OCLCO |d OCLCL | ||
| 015 | |a GBC0B0019 |2 bnb | ||
| 016 | 7 | |a 019878621 |2 Uk | |
| 019 | |a 1197722555 |a 1202473621 |a 1203056130 | ||
| 020 | |a 9781839829147 |q electronic publication | ||
| 020 | |a 1839829141 |q electronic publication | ||
| 020 | |z 9781839829130 |q hardcover | ||
| 020 | |a 9781839829123 |q electronic book | ||
| 020 | |a 1839829125 |q electronic book | ||
| 020 | |z 1839829133 | ||
| 029 | 0 | |a UKMGB |b 019878621 | |
| 029 | 1 | |a AU@ |b 000069102897 | |
| 035 | |a (OCoLC)1202988677 |z (OCoLC)1197722555 |z (OCoLC)1202473621 |z (OCoLC)1203056130 | ||
| 037 | |a 9781839829147 |b Emerald Publishing | ||
| 050 | 4 | |a HF5657.4 |b .A48 2020 | |
| 082 | 0 | 4 | |a 658.1511 |2 23 |
| 049 | |a UAMI | ||
| 245 | 0 | 0 | |a Advances in management accounting / |c edited by Laurie L. Burney. |
| 250 | |a First edition. | ||
| 264 | 1 | |a Bingley, United Kingdom : |b Emerald Publishing, |c 2020. | |
| 264 | 4 | |c ©2020 | |
| 300 | |a 1 online resource. | ||
| 336 | |a text |2 rdacontent | ||
| 337 | |a computer |2 rdamedia | ||
| 338 | |a online resource |2 rdacarrier | ||
| 490 | 1 | |a Advances in Management Accounting Ser. ; |v v.32 | |
| 505 | 0 | |a Introduction; Laurie L. Burney Chapter 1. Understanding the Interactions between Control, Trust, and Perceived Risk in Public Sector Joint Ventures; Paula van Veen-Dirks and Anneke Giliam Chapter 2. Is Cost Stickiness Associated with Sustainability Factors?; Joanna Golden, Mark Kohlbeck and Zabihollah Rezaee Chapter 3. Are Operating Lease Costs Sticky for Retail Firms?; David L. Gray Chapter 4. A Look on the Bright Side -- The Real Effect of Mood on Corporate Short-Term Resource Adjustment Decisions: Research Note; Thomas R. Loy and Sven Hartlieb Chapter 5. A Performance Measurement Approach to Defining and Measuring Research Relevance: Evidence from University Senior Management; Mary A. Malina and Basil P. Tucker Chapter 6. Managerial Ability and Employee Productivity; Dipankar Ghosh, Xuerong (Sharon) Huang and Li Sun. | |
| 588 | |a Description based on online resource; title from digital title page (viewed on December 09, 2020). | ||
| 520 | |a Advances in Management Accounting(AIMA) is a publication of quality applied research in management accounting. The journal's purpose is to publish thought-provoking articles that advance knowledge in the management accounting discipline and are of interest to both academics and practitioners. | ||
| 590 | |a ProQuest Ebook Central |b Ebook Central Academic Complete | ||
| 590 | |a Emerald Insight |b Emerald All Book Titles | ||
| 650 | 0 | |a Managerial accounting. | |
| 650 | 6 | |a Comptabilité de gestion. | |
| 650 | 7 | |a Managerial accounting |2 fast | |
| 700 | 1 | |a Burney, Laurie L., |e editor. | |
| 758 | |i has work: |a Volume 19 Advances in management accounting (Text) |1 https://id.oclc.org/worldcat/entity/E39PCFDbrkVVXCQYRBPmh9Prtq |4 https://id.oclc.org/worldcat/ontology/hasWork | ||
| 776 | 0 | 8 | |i Print version : |z 9781839829130 |
| 830 | 0 | |a Advances in Management Accounting Ser. | |
| 856 | 4 | 0 | |u https://ebookcentral.uam.elogim.com/lib/uam-ebooks/detail.action?docID=6354158 |z Texto completo |
| 856 | 4 | 0 | |u https://www.emerald.com/insight/publication/doi/10.1108/S1474-7871202032 |z Texto completo |
| 938 | |a Askews and Holts Library Services |b ASKH |n AH37386827 | ||
| 938 | |a Askews and Holts Library Services |b ASKH |n AH37386825 | ||
| 938 | |a YBP Library Services |b YANK |n 301578092 | ||
| 938 | |a YBP Library Services |b YANK |n 16965246 | ||
| 938 | |a ProQuest Ebook Central |b EBLB |n EBL6354158 | ||
| 938 | |a EBSCOhost |b EBSC |n 2446822 | ||
| 994 | |a 92 |b IZTAP | ||


